Crafting and executing strategy : (Record no. 17453)

000 -LEADER
fixed length control field 00634cam a22002178i 4500
020 ## - INTERNATIONAL STANDARD BOOK NUMBER
ISBN 9780077537074 (alk. paper)
020 ## - INTERNATIONAL STANDARD BOOK NUMBER
ISBN 0077537076 (alk. paper)
040 ## - CATALOGING SOURCE
Transcribing agency DLC
082 00 - DEWEY DECIMAL CLASSIFICATION NUMBER
Classification number 658 MCG 2014 A114 Or.
100 1# - MAIN ENTRY--AUTHOR NAME
Personal name Thompson, Arthur A.
245 10 - TITLE STATEMENT
Title Crafting and executing strategy :
Remainder of title the quest for competitive advantage : concepts and readings /
250 ## - EDITION STATEMENT
Edition statement NINETEENTH EDITION.
300 ## - PHYSICAL DESCRIPTION
Number of Pages pages cm
500 ## - GENERAL NOTE
General note Includes index.
650 #0 - SUBJECT ADDED ENTRY--TOPICAL TERM
Topical Term Strategic planning.
650 #0 - SUBJECT ADDED ENTRY--TOPICAL TERM
Topical Term Business planning.
700 1# - ADDED ENTRY--PERSONAL NAME
Personal name Peteraf, Margaret A.
700 1# - ADDED ENTRY--PERSONAL NAME
Personal name Gamble, John E.
700 1# - ADDED ENTRY--PERSONAL NAME
Personal name Strickland, A. J.
942 ## - ADDED ENTRY ELEMENTS (KOHA)
Koha item type ADB
952 ## - LOCATION AND ITEM INFORMATION (KOHA)
Withdrawn status [LOCAL, KOHA] 0
952 ## - LOCATION AND ITEM INFORMATION (KOHA)
Withdrawn status [LOCAL, KOHA] 0
Holdings
Permanent Location Date acquired Koha item type Lost status Shelving location Barcode Current Location Full call number
Library Block A2018-11-27ADB A114A37410Library Block A658 MCG 2014 A114 Or.
Library Block A2018-11-27ADB A114A37710Library Block A658 MCG 2014 A114 Or.
មជ្ឈមណ្ឌលឯការនៃសាកលវិទ្យាល័យភូមិន្ទកសិកម្មចំការដូង

Powered by Koha